The People's Car : A Global History of the Volkswagen Beetle /

Historia del Volkswagen (traducción de automóvil del pueblo), conocido en Alemania como Volkswagen Beetle y en México vocho. Desarrollado por la industria automotriz alemana atendiendo al interés de Hitler de ofrecer a las masas un coche pequeño y barato, el Volkswagen logró triunfar en el mundo pes...

詳細記述

保存先:
書誌詳細
第一著者: Rieger, Bernhard (autor)
フォーマット: 図書
言語:英語
出版事項: Cambridge, EUA : Harvard University, 2013, c2013
Birmingham, EUA : EBSCOhost [distribución], 2013
主題:
オンライン・アクセス:Ver documento en línea
タグ: タグ追加
タグなし, このレコードへの初めてのタグを付けませんか!

MARC

LEADER 00000nam^a2200000^a^4500
001 000331458
005 20251023000000.0
009 20260310114034.696
020 |a 978-0-674-07573-3 
037 |a Acervo ITESO - Biblioteca 
041 |a ING 
082 |a 338. 476292220943  |b RIE 
100 |a Rieger, Bernhard  |e (autor) 
240 1 4 |a [El auto del pueblo: una historia global del Volkswagen Beetle] 
245 1 4 |a The People's Car :  |b A Global History of the Volkswagen Beetle /  |c B. Rieger. 
264 4 |a Cambridge, EUA :  |b Harvard University,  |c 2013, c2013 
264 4 |a Birmingham, EUA :  |b EBSCOhost [distribución],  |c 2013 
300 |a 1 libro electrónico en línea (406 p.) 
300 |a 1 recurso en línea 
336 |a datos para computadora  |b cod  |2 rdacontenido 
337 |a computadora  |b c  |2 rdamedio 
338 |a recurso en línea  |b cr  |2 rdasoporte 
506 1 |a 3 licencias 
520 |a Historia del Volkswagen (traducción de automóvil del pueblo), conocido en Alemania como Volkswagen Beetle y en México vocho. Desarrollado por la industria automotriz alemana atendiendo al interés de Hitler de ofrecer a las masas un coche pequeño y barato, el Volkswagen logró triunfar en el mundo pese a la derrota nazi en la Segunda Guerra Mundial. En 1978 dejó de fabricarse en Alemania y en México la producción continuó hasta el 30 de junio de 2003 cuando se produjo la llamada Ultima Edición; desde 1998 se fabrica el Volkswagen New Beetle o simplemente Beetle, reinterpretación del vocho que no comparte elementos estructurales ni mecánicos. El libro incluye la descripción técnica, el manteniendo y la información general de los modelos de 1965 a 1970. 
649 |a XX 
650 |a Industria Automotriz -  |z Alemania -  |x Historia 
650 |a Industria Pesada y de Alta Tecnología -  |z Alemania 
650 |a Empresa y Sociedad -  |z Alemania 
650 |a Volkswagen -  |x Historia -  |x Tema Principal 
650 |a Automóviles -  |z Alemania -  |x Historia 
650 |a Automóviles -  |x Historia 
650 |a Ingeniería Automotriz -  |z Alemania 
650 |a Política Industrial -  |z Alemania -  |x Historia 
650 |a Economía -  |z Alemania -  |x Historia -  |y Siglo XX 
650 |a Alemania -  |x Historia -  |y Tercer Reich, 1933-1945 
650 |a Alemania -  |x Historia -  |y Siglo XX 
650 |a Alemania -  |x Condiciones Económicas 
650 |a Historia Moderna -  |y Siglo XX 
650 |a Historia Universal 
650 |a Sociología de la Economía 
650 |a Sociología de la Cultura 
856 4 0 |u https://ezproxy.iteso.mx/login?url=https://search.ebscohost.com/login.aspx?direct=true&scope=site&db=nlebk&db=nlabk&AN=520803  |y Ver documento en línea 
910 |a Fondo General 
920 |a Electrónicos - Libros en Línea 
930 |a Plataforma Digital 
905 |a 205 
901 |a 331458-1  |b IT2  |c EBO  |i C464  |u 20250521 
901 |a 331458-2  |b IT2  |c EBO  |i C464  |u 20250521 
901 |a 331458-3  |b IT2  |c EBO  |i C464  |u 20250521 
902 |a https://opac.biblio.iteso.mx/vufind/Record/000331458